| 000 | 00427 a2200169 4500 | ||
|---|---|---|---|
| 001 | 157534 | ||
| 020 | _a978-85-68846-49-0 | ||
| 040 | _cEscola São Tomás de Aquino | ||
| 100 | _aBraithwaite, Oyinkan | ||
| 240 | 1 | 0 |
_aMinha irmã, a serial killer _lpor |
| 245 | 1 | 0 | _aMinha irmã, a serial killer |
| 300 | _a183 | ||
| 362 | 0 | _a2019 | |
| 440 | 1 | _aKapulana | |
| 697 | _aOUTRAS LITERATURAS (DIVERSAS LÍNGUAS) | ||
| 942 | _cBK | ||
| 999 |
_c157534 _d157534 |
||